| 000 | 00554nam a22001817a 4500 | ||
|---|---|---|---|
| 999 |
_c478475 _d478475 |
||
| 003 | NUST | ||
| 005 | 20180601053442.0 | ||
| 008 | 180601b ||||| |||| 00| 0 eng d | ||
| 020 | _a9789380108193 | ||
| 038 | _aSNS Library | ||
| 082 | _a515.9 | ||
| 100 |
_aDennis G. Zill , Patrick D. Shanahan _910688 |
||
| 245 |
_aA First Course in Complex analysis with Applications _cDennis G. Zill , Patrick D. Shanahan |
||
| 250 | _a2nd Ed. | ||
| 260 |
_aIndia _bJones & Bartlett Student Edition _c2010 |
||
| 300 |
_a405+ 60 Aprox P. _bPb. |
||
| 942 |
_2ddc _cBK |
||